000 00784nam a2200265Ia 4500
003 OSt
005 20220924115334.0
006 a|||||r|||| 00| 0
007 ta
008 220923b |||||||| |||| 00| 0 urd d
020 _a9789381029428 (hbk)
020 _cINR 160.00
024 _a324371
037 _b4917, 24/02/2017, Kitabi Duniya
_cTextual
040 _aARTS
_cARTS
_burd
041 _2urd
_aurd
082 _aO168,1N582x, Q4
100 _aSayeed Asar Au.
_9177859
245 0 _aQuba-e-zarreen
_b azad nazmein
260 _aDelhi
_bArshia publications India
_c2014
300 _a141p.
_ccm.
650 _aURDU POETRY
942 _hO168,1N582x, Q4
_cTEXL
_2CC
999 _c397911
_d397911